000 00788nam a2200241 a 4500
001 79949
003 BD-RjUL
005 20220609154346.0
008 220609s2015 ii ||||| |||| 00| 0 ben d
035 _a(BD-RjUL)79949
040 _aBD-RjUL
_beng
_cBD-RjUL
041 _aeng
082 _223
_a781
_bDUS 2015
100 _aদত্ত , দেবব্রত
_93534
245 1 0 _aসঙ্গীত-তত্ত্ব /
_cদেবব্রত দত্ত
250 _a৮ম সং.
260 _aকলকাতা :
_bব্রতী প্রকাশনী,
_c২০১৫
300 _aখণ্ড;
_c২২ সেমি.
505 0 1 _aখণ্ড ১ম --
650 _aসঙ্গীত তত্ত্ব
_93535
650 _aMusic theory
_93536
942 _2ddc
_cBK
999 _c79949
_d79949